| 000 | 00777nam a22002177a 4500 | ||
|---|---|---|---|
| 999 |
_c17231 _d17231 |
||
| 003 | AR-CdUCM | ||
| 008 | 190507b ||||| |||| 00| 0 spa d | ||
| 040 |
_aMUNICIPALIDAD PROVINCIAL DEL CUSCO _cBIBLIOTECA MUNICIPAL DEL CUSCO |
||
| 082 |
_a869.913 / _bG62 |
||
| 100 |
_aGómez Carrillo, Enrique _937117 |
||
| 245 | _aHombres y superhombres / | ||
| 260 |
_aMadrid : _bMundo Latino. |
||
| 300 |
_a261 páginas ; _c18 cm. |
||
| 500 | _aAntes del titulo, El segundo libro de las crónicas. | ||
| 505 | _aContenido: t.14: Una visita al Papa -- El último káiser -- Algunos héroes de la tragedia -- Siluetas literarias. | ||
| 650 |
_aEnsayos guatemaltecos _937118 |
||
| 650 |
_aSiglo XX _98 |
||
| 650 |
_aLiteratos _9754 |
||
| 942 |
_2ddc _cLIBROS |
||
| 945 |
_aachl _d2019-05-07 |
||